00294nam a2200109Ia 450000500170000000800410001710000240005824500450008226000120012730000100013965000350014920260328104309.0260328s9999||||xx |||||||||||||| ||und|| aWright, Frank Lloyd 0aFrank Lloyd Wright /cFrank Lloyd Wright bsalomon a78 p. aFRANK LLOYD WRIGH ( 1869-1959)